000 01134cam a2200313 i 4500
003 DO-SdBNP
005 20231004132108.0
007 ta
008 751003s2017 sp 000 f spa d
020 _a9788467050646
040 _aDO-SdBNP
_bspa
_cBNPHU
_erda
082 _a823.3
_bW671
_222
100 _aWilde, Oscar,
_d1854-1900
_913294
245 1 3 _aEl fantasma de Canterville :
_by otros cuentos /
_cOscar Wilde ; traducción Catalina Montes
264 1 _aBarcelona, España :
_bEspasa Libros,
_c2017.
300 _a379 páginas
_c19 cm.
336 _2rdacontent
_atexto
_btxt
337 _2rdamedia
_asin mediación
_bn
338 _2rdacarrier
_avolumen
_bnc
490 1 _aAustral Intrépida
500 _aEl papel utilizado para la impresión de este libro es cien por ciento libro de cloro y está calificado como papel ecológico.
500 _aIncluye datos biográficos del autor en la página 379.
590 _aInventariado, 2023/ YL
650 4 _aNovela irlandesa
_911511
651 _aLiteratura irlandesa
_984351
700 1 _aMontes, Catalina
_etraducción
_942669
910 _aYlockward
942 _2ddc
_cLBS1
999 _c55059
_d55059